000 00965nam a22002897a 4500
001 BR7311083
003 BR-BrBNA
005 20230928084230.0
007 ta
008 230509b bl.||||| |||| 00| 0 por d
040 _aBR-BrBNA
_bpor
_cBiblioteca Nacional de Agricultura
041 _a(Por)
072 _aE30; L00; E10
_b5214
_b1910
_b/G514
090 _ 5214 BR7311083
110 1 _aConselho Nacional de Desenvolvimento da Pecuaria, Rio de Janeiro, GB (Brasil)
_92674
245 1 _aPrograma de desenvolvimento da pecuaria leiteira [Pastagem; Manejo; Criacao; Custo; Credito; Brasil]
260 3 _aRio de Janeiro, GB (Brasil):
_c[nd].
300 _a66 p.
500 _aPublished after 1953. (*) Documento disponível na(o) Instituto de Economia Agricola, Sao Paulo, SP (Brazil)
650 _aGADO LEITEIRO
650 _aPASTAGEM
650 _aMANEJO
650 _aCUSTO
650 _aCREDITO
909 _a202309
_bLucia
_c55
_dLucia Elande
942 _cBK
999 _c17592
_d17592